English Words of Indian Origin - Statistics

General Stats
  • This quiz has been taken 113 times
  • The average score is 6 of 15
Answer Stats
Words Meanings % Correct
The fastest land animal Chettah
81%
Teacher, Counselor, Master or Guide Guru
79%
Hair cleaning Products Shampoo
75%
Dense Forest Jungle
65%
Tropical cyclone of the pacific ocean Typhoon
53%
An open-air gallery or porch, attached to the outside of a building Verandah
35%
Incarnation Avatar
30%
Small Boat Dinghy
28%
A a light shade of yellow-brown Khaki
26%
A metaphorical force regarded as mercilessly destructive and unstoppable Juggernaut
21%
Kerchief Bandana
19%
King Maharaja
17%
Banditry Dacoit
16%
Steal Loot
16%
Loose fitting night dress Pajamas
16%
No matching quizzes found
Score Distribution
Percent of People with Each Score
Percentile by Number Answered
Your Score History
You have not taken this quiz